[Event "DEN-ch 2019"]
[Site "Svendborg"]
[Date "2019.04.13"]
[Round "1.1"]
[White "Antonsen, Mikkel"]
[Black "Aabling-Thomsen, Jakob"]
[Result "1-0"]
[WhiteElo "2426"]
[BlackElo "2358"]
[Annotator "ChessBase"]
[PlyCount "99"]
[EventDate "2019.04.13"]
[EventType "tourn"]
[EventCountry "DEN"]
[SourceTitle "playchess.com"]
[Source "ChessBase"]
[SourceQuality "1"]
[TimeControl "40/5400+30:1800+30"]

1. d4 {[%emt 0:00:00]} Nf6 {[%emt 0:00:00]} 2. c4 {[%emt 0:00:00]} g6 {[%emt 0:00:18]} 3. Nc3 {[%emt 0:00:00]} Bg7 {[%emt 0:00:35]} 4. e4 {[%emt 0:00:13]} d6 {[%emt 0:00:04]} 5. f3 {[%emt 0:01:32]} O-O {[%emt 0:00:59]} 6. Nge2 {[%emt 0:00:04]} c5 {[%emt 0:01:03]} 7. d5 {[%emt 0:00:09]} e6 {[%emt 0:01:08]} 8. Ng3 {[%emt 0:00:19]} exd5 {[%emt 0:02:19]} 9. cxd5 {[%emt 0:00:16]} a6 {[%emt 0:00:44]} 10. a4 {[%emt 0:00:37]} Ne8 {[%emt 0:01:11]} 11. Be3 {[%emt 0:05:49]} h5 {[%emt 0:03:16]} 12. Be2 {[%emt 0:04:00]} h4 {[%emt 0:02:07]} 13. Nf1 {[%emt 0:00:04]} Nd7 {[%emt 0:01:22]} 14. Qd2 {[%emt 0:05:53]} h3 {[%emt 0:08:07]} 15. g4 {[%emt 0:04:28]} Qh4+ {[%emt 0:07:40]} 16. Ng3 {[%emt 0:01:24]} Qh8 {[%emt 0:04:20]} 17. O-O {[%emt 0:01:21]} Ne5 {[%emt 0:02:25]} 18. g5 {[%emt 0:05:33]} Nc7 {[%emt 0:13:42]} 19. f4 {[%emt 0:10:32]} Ng4 {[%emt 0:00:34]} 20. Bxg4 {[%emt 0:00:03]} Bxg4 {[%emt 0:00:07]} 21. f5 {[%emt 0:02:44]} Be5 {[%emt 0:04:41]} 22. Bf4 {[%emt 0:05:46]} Bd4+ {[%emt 0:14:29]} 23. Kh1 {[%emt 0:00:14]} Rad8 {[%emt 0:01:11]} 24. Bxd6 {[%emt 0:04:21]} Rxd6 {[%emt 0:06:54]} 25. Qf4 {[%emt 0:00:10]} gxf5 {[%emt 0:02:38]} 26. Qxd6 {[%emt 0:02:16]} Be5 {[%emt 0:14:48]} 27. Qxc5 {[%emt 0:02:32]} Bxg3 {[%emt 0:04:30]} 28. hxg3 {[%emt 0:00:14]} Qe5 {[%emt 0:00:13]} 29. Qe3 {[%emt 0:06:27]} fxe4 {[%emt 0:01:06]} 30. Qf4 {[%emt 0:07:06]} Qxf4 {[%emt 0:00:34]} 31. Rxf4 {[%emt 0:00:04]} Bf3+ {[%emt 0:01:04]} 32. Kh2 {[%emt 0:00:17]} Rd8 {[%emt 0:00:22]} 33. Rf5 {[%emt 0:00:08]} Ne8 {[%emt 0:00:38]} 34. Re5 {[%emt 0:00:58]} Nd6 {[%emt 0:00:07]} 35. b3 {[%emt 0:05:15]} Kg7 {[%emt 0:00:58]} 36. Rc1 {[%emt 0:00:31]} Kg6 {[%emt 0:00:31]} 37. Nb1 {[%emt 0:01:10]} Rd7 {[%emt 0:00:29]} 38. Nd2 {[%emt 0:00:13]} Bg2 {[%emt 0:00:13]} 39. Nc4 {[%emt 0:02:03]} Nf5 {[%emt 0:00:40]} 40. Rd1 {[%emt 0:03:12]} b5 {[%emt 0:00:33]} 41. Re6+ {[%emt 0:49:48]} Kxg5 {[%emt 0:20:01]} 42. Ne5 {[%emt 0:00:00]} Ra7 {[%emt 0:04:26]} 43. Re8 {[%emt 0:00:00]} Ne3 {[%emt 0:01:33]} 44. Rd4 {[%emt 0:00:00]} f6 {[%emt 0:00:50]} 45. d6 {[%emt 0:00:00]} Rh7 {[%emt 0:01:25]} 46. Rd1 {[%emt 0:00:00]} Nxd1 {[%emt 0:03:00]} 47. Re7 {[%emt 0:00:00]} Rxe7 {[%emt 0:03:00]} 48. dxe7 {[%emt 0:00:00]} fxe5 {[%emt 0:00:16]} 49. e8=Q {[%emt 0:00:00]} Ne3 {[%emt 0:00:38]} 50. Qxe5+ {[%emt 0:00:00]} 1-0

[Event "DEN-ch 2019"]
[Site "Svendborg"]
[Date "2019.04.13"]
[Round "1.2"]
[White "Thybo, Jesper Sondergaard"]
[Black "Bjerre, Jonas Buhl"]
[Result "1/2-1/2"]
[WhiteElo "2513"]
[BlackElo "2470"]
[Annotator "TA"]
[PlyCount "67"]
[EventDate "2019.04.13"]
[EventType "tourn"]
[EventCountry "DEN"]
[SourceTitle "playchess.com"]
[Source "ChessBase"]
[SourceQuality "1"]

{[%evp 17,67,22,40,25,26,30,37,17,17,17,23,23,23,23,23,23,23,16,25,22,15,11,30,30,32,33,39,36,36,33,34,38,41,37,56,6,14,1,1,1,1,1,1,1,1,1,1,1,1,0,2,0]} 1. d4 Nf6 2. c4 e6 3. Nf3 Bb4+ 4. Bd2 a5 5. g3 b6 6. Bg2 Bb7 7. O-O O-O 8. Bf4 Be7 9. Nc3 {[%cal Bb1c3,Bc3b5,Bb5c7][%mdl 32]} Ne4 10. Nb5 {E16: Queen's Indian: 4 g3 Bb7 5 Bg2 Bb4+} c6 11. Nc7 Ra7 12. Qb3 $1 {[%cal Rb3b6] White is slightly better.} d6 13. c5 $146 ({Predecessor:} 13. Qxb6 Nd7 14. Qxa7 Qxc7 15. d5 c5 16. dxe6 Nb8 17. Nd4 cxd4 18. Bxe4 {1-0 (28) Xiong,J (2651)-Le,Q (2715) chess.com INT 2018}) 13... Qxc7 14. cxb6 a4 15. bxc7 axb3 16. cxb8=Q Rxb8 17. axb3 Rba8 18. Rxa7 Rxa7 19. Rc1 Ra6 20. Ne1 d5 21. Nd3 Rb6 22. f3 Nd6 23. Nc5 Nf5 24. Nxb7 Rxb7 25. Rxc6 h5 26. Be5 Bf6 $1 {The position is equal.} 27. e4 Bxe5 28. dxe5 dxe4 $11 {[%mdl 4096] Endgame KRB-KRN} 29. f4 Rxb3 30. Rc8+ Kh7 31. Bxe4 {next Rc7 is good for White.} Rxb2 32. Rc7 Kg8 33. Rc8+ Kh7 34. Rc7 {Accuracy: White = 69%, Black = 89%.} 1/2-1/2

[Event "DEN-ch 2019"]
[Site "Svendborg"]
[Date "2019.04.13"]
[Round "1.3"]
[White "Hansen, Sune Berg"]
[Black "Rasmussen, Allan Stig"]
[Result "1-0"]
[WhiteElo "2590"]
[BlackElo "2541"]
[Annotator "TA"]
[PlyCount "79"]
[EventDate "2019.04.13"]
[EventType "tourn"]
[EventCountry "DEN"]
[SourceTitle "playchess.com"]
[Source "ChessBase"]
[SourceQuality "1"]

{[%evp 20,79,12,14,18,17,71,78,72,76,78,77,93,79,91,86,181,179,166,153,234,234,247,241,277,277,268,270,280,245,237,219,213,215,217,168,162,165,165,149,204,188,192,187,277,272,355,323,387,371,397,395,385,372,625,631,672,591,646,512,575,552]} 1. e4 c5 2. Nf3 e6 3. c4 Nc6 4. d4 cxd4 5. Nxd4 Nf6 6. Nc3 Bb4 7. Nxc6 dxc6 8. Qxd8+ Kxd8 9. e5 Nd7 10. Bf4 Bxc3+ 11. bxc3 Kc7 {B44: Sicilian: Taimanov: 5 Nb5} (11... b6 12. O-O-O Kc7 13. h4 Ba6 14. Rh3 Rad8 15. Rg3 Rhg8 16. Bd3 g6 17. Bg5 Rde8 18. Re3 Rh8 19. Be2 {0-1 (38) Potkin,V (2597)-Lomasov,S (2553) St Petersburg 2018}) 12. h4 a5 (12... b6 $11) 13. Rh3 $146 ({Predecessor:} 13. h5 a4 {½-½ (32) Pavic,F (2228)-Tran,M (2361) Tarvisio 2017}) 13... a4 {White is better.} 14. O-O-O Ra5 15. Re1 h5 16. Rg3 g6 17. Bg5 Rh7 (17... b6 $16) 18. Rd3 $18 b6 19. Be7 f6 (19... Kb7 $16 {was necessary.}) 20. exf6 Rf5 21. Rd2 (21. Rxe6 Rxf2 22. Rf3 Rxf3 $16) 21... Nxf6 22. Bd6+ Kb7 23. Bd3 Ra5 24. g3 e5 25. Bxg6 ({Resist} 25. Rxe5 Bf5) 25... Rg7 26. Bc2 ({Stronger than} 26. Bxe5 Rxg6 27. Rd6 Ng4 $11) 26... e4 27. Bf4 Rf7 28. Rd6 Bf5 29. Re2 Ng4 (29... a3 $16 30. Kd2 Ra8) 30. Rd4 Nf6 31. Rd8 Bg4 (31... Rc5 {was called for.}) 32. Red2 Rc5 33. Rb8+ ({Less strong is} 33. Bxa4 Rxc4 34. Rb8+ Ka6 $16) 33... Ka7 34. Rdd8 {[#] White threatens Ra8+ and mate.} Nd7 35. Ra8+ Kb7 36. Rxa4 Rxf4 $2 (36... Ra5 37. Rxa5 bxa5 38. Bxe4 Nc5) 37. gxf4 {White is clearly winning.} Kc7 38. Re8 Nf6 39. Re5 Kd6 40. Rb4 {Accuracy: White = 88%, Black = 45%.} 1-0

[Event "DEN-ch 2019"]
[Site "Svendborg"]
[Date "2019.04.13"]
[Round "1.4"]
[White "Chatalbashev, Boris"]
[Black "Olsen, Filip Boe"]
[Result "1/2-1/2"]
[WhiteElo "2521"]
[BlackElo "2414"]
[Annotator "TA"]
[PlyCount "131"]
[EventDate "2019.04.13"]
[EventType "tourn"]
[EventCountry "DEN"]
[SourceTitle "playchess.com"]
[Source "ChessBase"]
[SourceQuality "1"]

{[%evp 16,131,23,-20,28,27,25,0,0,-7,0,-6,11,2,122,122,122,122,121,121,122,122,121,122,122,122,141,142,142,144,191,193,211,208,220,194,253,253,243,226,252,213,198,191,191,140,193,154,258,247,243,243,243,0,243,0,236,235,243,236,214,214,181,0,167,160,203,0,0,0,0,0,0,0,46,46,64,0,0,0,64,0,0,0,17,0,0,0,0,0,0,0,0,0,0,0,0,0,0,0,0,0,0,0,0,0,0,0,0,0,0,0,0,0,0,0,0,0]} 1. Nf3 d5 2. g3 Nf6 3. Bg2 e6 4. O-O Be7 5. d3 O-O 6. Nbd2 c5 7. e4 Nc6 8. Re1 d4 9. a4 b6 {[%cal Bb7b6,Bb6b5][%mdl 32] C00: French: Unusual White 2nd moves} (9... e5 10. Nc4 Nd7 11. Bd2 b6 12. h3 a6 13. Nh2 Ra7 14. Bc1 b5 15. axb5 axb5 16. Rxa7 Nxa7 17. Nd2 {1-0 (50) Dolzhikova,O (2187)-Bryant,R (2016) Caleta 2018}) 10. Nc4 Bb7 11. Bf4 $146 ({Predecessor:} 11. Bg5 a6 12. Qe2 b5 13. axb5 axb5 14. Nce5 Nd7 15. Bxe7 Qxe7 16. Nxd7 Qxd7 17. Bh3 Rxa1 18. Rxa1 {½-½ (52) Amalfitano,G (1620)-Badano,G (1951) Arvier 2009}) 11... a6 12. h4 b5 13. Nce5 Nxe5 14. Nxe5 Bd6 {[#]} (14... Nd7 $11) 15. Nxf7 $1 $16 {[%mdl 512]} Rxf7 16. Bxd6 $1 Qxd6 17. e5 {[%mdl 64] Double Attack} Qc7 {And now ...Bxg2 would win.} 18. Bxb7 Qxb7 19. exf6 Rxf6 20. axb5 axb5 21. Rxa8+ Qxa8 {[%mdl 4096] Endgame KQR-KQR} 22. Re5 $1 Qf8 23. Qe2 Qd6 24. Qe4 g6 25. h5 Kg7 (25... b4 {might work better.} 26. f4 Qb6) 26. hxg6 $18 hxg6 27. f4 Qc7 28. Rxe6 Rxe6 29. Qxe6 {KQ-KQ} Qa5 30. Qe2 ({Better is} 30. Qe7+ $18 Kg8 31. Qe4 (31. Qxc5 Qe1+ 32. Kh2 Qe2+ 33. Kh1 Qe1+ 34. Kh2 Qe2+ 35. Kh3 Qf1+ 36. Kh4 Qh1+ 37. Kg4 Qd1+ 38. Kh4 Qh1+ 39. Kg4 Qd1+ 40. Kh4 Qh1+ $11)) 30... Qa1+ {[#]} (30... Kf7 $16) 31. Kg2 $1 Qxb2 (31... Kf7 $16) 32. Qe7+ Kh6 33. Qf8+ (33. Qxc5 $6 Qc1 $16) 33... Kh7 34. Qe7+ ({But not} 34. Qxc5 $6 Qc1 $16) 34... Kh6 $1 35. Qf8+ (35. Qxc5 $6 Qc1) 35... Kh7 36. Qxc5 Qc1 37. Qe7+ ({Resist} 37. Qxd4 $6 Qxc2+ 38. Kf3 Qb1 $16) 37... Kh6 38. Qf8+ Kh7 39. Qe7+ Kh6 $1 40. Qe2 b4 {[#]} 41. Qf2 $2 (41. Kf3 $1 $18) 41... Qd1 $11 42. Qxd4 {[%cal Rd4h8]} Qxc2+ 43. Kh3 {[%cal Rd4h8]} Qc8+ 44. g4 Qa8 45. Kg3 Qe8 46. Kf3 Qa8+ 47. Kg3 Qe8 48. Kf3 (48. g5+ $1 $14 Kh7 49. Qxb4) 48... Qa8+ {The position is equal.} 49. Ke3 b3 $1 50. g5+ Kh5 51. f5 Qg2 52. fxg6 Qxg5+ (52... b2 $5 53. Qh8+ $8 Kxg6 54. Qf6+ Kh7 $11) 53. Ke2 b2 54. Qh8+ Kxg6 55. Qg8+ Kf5 56. Qd5+ Kg4 (56... Kg6 $5 57. Qg8+ $8 Kf6 58. Qd8+ Kg6 59. Qg8+ $11) 57. Qf3+ $1 Kh4 58. Qh1+ Kg3 (58... Kg4 $5 59. Qf3+ $8 Kh4 60. Qh1+ Kg3 61. Qg1+ Kh4 62. Qh1+ $11) 59. Qg1+ $1 Kf4 60. Qd4+ Kf5 {( -> ...Qg2+)} 61. Qd5+ $1 Kg6 62. Qg8+ Kh5 63. Qh8+ {[%mdl 64] Double Attack} Kg6 64. Qg8+ Kh5 65. Qh8+ {[%mdl 64] Double Attack} Kg6 66. Qg8+ {Accuracy: White = 59%, Black = 55%.} 1/2-1/2

[Event "DEN-ch 2019"]
[Site "Svendborg"]
[Date "2019.04.13"]
[Round "1.5"]
[White "Teplyi, Igor"]
[Black "Ochsner, Bjorn Moller"]
[Result "1/2-1/2"]
[WhiteElo "2418"]
[BlackElo "2486"]
[Annotator "TA"]
[PlyCount "25"]
[EventDate "2019.04.13"]
[EventType "tourn"]
[EventCountry "DEN"]
[SourceTitle "playchess.com"]
[Source "ChessBase"]
[SourceQuality "1"]

{[%evp 15,25,26,15,10,35,27,24,0,8,0,14,0]} 1. c4 c5 2. Nf3 Nc6 3. Nc3 g6 4. e3 Nf6 5. d4 cxd4 6. exd4 d5 7. cxd5 Nxd5 8. Qb3 e6 9. Bg5 {A35: Symmetrical English: 2 Nc3 Nc6 3 Nf3} Be7 10. Bh6 Bf8 11. Bg5 $146 ({Predecessor:} 11. Bxf8 Kxf8 12. Bb5 Nce7 13. O-O Kg7 14. Rac1 Rf8 {½-½ (50) Jones,G (2660)-Saric,I (2632) Linares 2017}) 11... Be7 12. Bh6 Bf8 13. Bg5 1/2-1/2

[Event "DEN-ch 2019"]
[Site "Svendborg"]
[Date "2019.04.14"]
[Round "2.1"]
[White "Antonsen, Mikkel"]
[Black "Thybo, Jesper Sondergaard"]
[Result "1/2-1/2"]
[WhiteElo "2426"]
[BlackElo "2513"]
[Annotator "TA"]
[PlyCount "81"]
[EventDate "2019.04.13"]
[EventType "tourn"]
[EventCountry "DEN"]
[SourceTitle "playchess.com"]
[Source "ChessBase"]
[SourceQuality "1"]

{[%evp 10,81,14,2,22,17,18,0,0,10,15,18,0,0,0,-32,-10,-38,-23,-64,-12,-12,0,-18,0,0,0,0,0,0,8,0,0,0,164,156,140,149,138,84,191,185,185,190,339,343,289,281,407,386,364,358,405,62,68,72,71,46,90,91,93,91,115,29,21,25,83,35,89,82,88,43,65,64]} 1. c4 Nf6 2. Nc3 e5 3. Nf3 Nc6 4. e3 Bb4 5. Qc2 Bxc3 6. bxc3 e4 {A28: English Opening: Four Knights Variation} (6... O-O 7. e4 d6 8. g3 Kh8 9. d3 Ng8 10. Nh4 Nge7 11. Bg2 f5 12. exf5 Nxf5 13. Nf3 Nfe7 14. O-O h6 {1-0 (71) So,W (2765)-Harikrishna,P (2729) Kolkata 2018}) 7. Ng5 Qe7 8. f3 exf3 {The position is equal.} 9. Nxf3 b6 10. Be2 Bb7 11. O-O O-O 12. Rb1 Rae8 13. Rb5 $146 ({Predecessor:} 13. Rb2 Ng4 14. Nd4 {½-½ (26) Straka,Z (2553)-Cruzado Duenas,C (2595) ICCF email 2013}) 13... Ne4 14. Nd4 Ne5 (14... g6 $1 $15) 15. Nf5 $11 Qg5 16. d3 Nxc3 {[%csl Gb7][%cal Rg5g2]} 17. e4 Nxe2+ 18. Qxe2 Qg6 19. Rb3 Qe6 $1 20. Nd4 Qg6 21. Nf5 {Threatens to win with d4.} Ng4 $2 (21... Qe6 $11 {and Black stays safe.}) 22. h3 $18 {[%mdl 1024] White has strong compensation.} Nf6 23. Bb2 {Black must now prevent Nxg7!} Re6 24. e5 (24. Rf3 $142) 24... d5 (24... Nh5 $16 {might work better.}) 25. Qf3 $36 {[%mdl 2048] White is on the roll.} Nd7 {[#]} 26. d4 $1 dxc4 (26... Nxe5 $142 27. dxe5 dxc4 28. Qxb7 {[%mdl 64] Double Attack} cxb3 29. Qxc7 (29. axb3 c5 $18) 29... bxa2) 27. Qxb7 {[%mdl 64] Double Attack} cxb3 28. Qxc7 Nb8 (28... Nxe5 {keeps fighting.} 29. dxe5 bxa2 30. Qxa7 h6 31. Qxa2 Rd8) 29. d5 Ree8 30. axb3 Qg5 31. Bc1 $2 (31. Qxa7 $18 Na6 32. Qxa6) 31... Qd8 $14 32. Qxd8 Rxd8 33. Ba3 Rfe8 {[#]} 34. Ne7+ $1 Rxe7 {[%mdl 64] Remove Defender} 35. Bxe7 $16 {[%mdl 4096] Endgame KRB-KRN} Rc8 36. b4 (36. Re1 $16) 36... Nd7 $11 37. Bd6 h6 (37... Re8 $11 {remains equal.}) 38. Ra1 Re8 ({Black should play} 38... a5 $14) 39. Rxa7 Nxe5 40. Bc7 Nc4 41. d6 {Accuracy: White = 55%, Black = 39%.} 1/2-1/2

[Event "DEN-ch 2019"]
[Site "Svendborg"]
[Date "2019.04.14"]
[Round "2.2"]
[White "Bjerre, Jonas Buhl"]
[Black "Hansen, Sune Berg"]
[Result "1-0"]
[WhiteElo "2470"]
[BlackElo "2590"]
[Annotator "TA"]
[PlyCount "138"]
[EventDate "2019.04.13"]
[EventType "tourn"]
[EventCountry "DEN"]
[SourceTitle "playchess.com"]
[Source "ChessBase"]
[SourceQuality "1"]

{[%evp 25,138,22,28,16,20,12,25,0,0,0,12,-13,-2,-16,-8,-16,0,0,0,0,0,-18,-24,-29,0,0,57,-237,-222,-204,-216,-206,-67,-67,-67,-67,-59,-64,74,8,8,8,8,8,73,83,80,44,104,31,36,31,50,52,52,60,52,62,49,16,61,27,43,45,32,9,9,9,62,70,58,59,80,72,79,75,73,73,82,77,83,70,190,186,179,166,208,209,207,207,191,197,7989,7982,7943,7780,7456,316,316,316,316,316,316,143,7086,7035,1148,820,7035,7035,7028,7020,29984,29985,29990]} 1. e4 c5 2. Nf3 d6 3. d4 cxd4 4. Nxd4 Nf6 5. Nc3 a6 6. Be3 e5 7. Nb3 Be6 8. f3 h5 9. Nd5 {B90: Sicilian Najdorf: Unusual White 6th moves, 6 Be3 Ng4 and 6 Be3 e5} Bxd5 10. exd5 Nbd7 11. Qd2 g6 12. Be2 (12. O-O-O Bg7 13. Kb1 Qc7 14. Be2 a5 15. a4 O-O 16. g4 Rfc8 17. Bb5 hxg4 18. fxg4 Nxg4 {0-1 (75) Robson,R (2667)-Saric,I (2690) chess.com INT 2019}) 12... Bg7 13. O-O b6 {LiveBook: 44 Games} 14. c4 O-O 15. Rab1 Re8 16. Na1 e4 $146 ({Predecessor:} 16... h4 17. Nc2 a5 {1-0 (56) Gadjily,R (2426)-Visweswaran,K (2303) Dubai 2002}) 17. f4 Ng4 18. Bxg4 hxg4 19. Nc2 f5 20. Nd4 Bxd4 21. Bxd4 a5 22. Qe3 Re7 23. Qa3 Qc7 24. Rbc1 Rae8 25. Qg3 e3 (25... Nc5 $11) 26. h3 $2 {[%mdl 8192] [#]} (26. Rfe1 $14) 26... Re4 $19 27. Bc3 e2 (27... Rxc4 28. Qh4 $16) 28. Rfe1 Nf8 ({And not} 28... Rxc4 29. Qh4 $14) (28... Qc5+ $19 29. Kh1 R8e7) 29. Qh4 $15 {[#] Intending Qh8+ and mate.} Qh7 30. Qxh7+ Kxh7 31. hxg4 Rxf4 ({Stronger than} 31... Rxc4 32. Rc2 $16) (31... fxg4 $15 32. g3 Nd7) 32. gxf5 (32. Rc2 $16) 32... gxf5 $11 33. Rc2 Rxc4 34. Rcxe2 Ree4 (34... Rxe2 $11 {keeps the balance.} 35. Rxe2 Re4 36. Rxe4 fxe4) 35. Rxe4 $16 fxe4 {[%mdl 4096] Endgame KRB-KRN} 36. Kf2 Ng6 (36... a4 $14) 37. Ke3 ({White should try} 37. Rh1+ $16 Kg8 38. Ke3) 37... Ne7 $14 38. Rd1 Nf5+ 39. Kf4 Kg6 40. g4 e3+ 41. Kf3 Ne7 42. Bd4 (42. Rd4 $5 {[%cal Rd4c4]} Rc5 43. Kxe3 $14) 42... Rb4 43. Kxe3 {Strongly threatening Ke4.} Nxd5+ 44. Kf3 Kf7 45. a3 Rb3+ 46. Ke4 Ne7 (46... Nf6+ $11 47. Kf4 Nd5+ 48. Kg5 b5) 47. Bc3 Ke6 48. Rh1 Rb5 49. Rh6+ Kd7 50. Rh5 d5+ 51. Ke5 Rc5 52. Rh7 Ke8 53. Rh6 b5 (53... Nc6+ $14 54. Kd6 d4) 54. Rb6 d4+ 55. Kxd4 Rc4+ 56. Kd3 Rxg4 57. Rxb5 a4 58. Rb4 Rxb4 $2 (58... Rg3+ 59. Kc4 Kd7 60. Rxa4 Nc8) 59. Bxb4 $18 {KB-KN} Nd5 60. Kd4 Nf4 61. Kc4 $2 (61. Bd2 Ng6 62. Be1) 61... Kd7 62. Bd2 Ng6 63. Bc3 Nf4 64. Be5 (64. Bf6 $18) 64... Ne2 $2 {[%mdl 8192]} (64... Ng2 $16 65. Kd4 Ne1) 65. Bh2 Kc6 66. Kb4 Nc1 67. Kxa4 Nd3 68. b4 {[%cal Bb2b4,Bb4c5][%mdl 32]} Nc5+ 69. bxc5 Kd5 {Accuracy: White = 54%, Black = 40%.} 1-0

[Event "DEN-ch 2019"]
[Site "Svendborg"]
[Date "2019.04.14"]
[Round "2.3"]
[White "Rasmussen, Allan Stig"]
[Black "Chatalbashev, Boris"]
[Result "1-0"]
[WhiteElo "2541"]
[BlackElo "2521"]
[Annotator "TA"]
[PlyCount "65"]
[EventDate "2019.04.13"]
[EventType "tourn"]
[EventCountry "DEN"]
[SourceTitle "playchess.com"]
[Source "ChessBase"]
[SourceQuality "1"]

{[%evp 9,65,47,47,47,41,41,57,42,37,15,26,25,36,50,37,18,38,27,33,32,43,43,46,0,0,0,0,0,26,0,0,0,0,0,0,0,0,0,0,0,47,-19,-25,-15,61,40,81,85,87,85,94,98,83,82,195,193,547,561]} 1. e4 g6 2. d4 Bg7 3. Nc3 d5 4. exd5 Nf6 5. Bc4 Nbd7 6. Bg5 {B06: Modern Defence} (6. Bb3 Nb6 7. Qf3 Bg4 8. Qg3 Bf5 9. Nf3 Nbxd5 10. Nxd5 Nxd5 11. c3 O-O 12. h4 h5 13. O-O Nf6 {1-0 (58) Morozevich,A (2656)-Ponkratov,P (2630) Khanty-Mansiysk 2018}) 6... O-O 7. Bb3 Nb6 8. Bxf6 {White is slightly better.} exf6 9. Qf3 a5 10. a4 $146 ({Predecessor:} 10. a3 a4 11. Ba2 Bf5 12. O-O-O Qc8 13. h3 c6 {1-0 (33) Pavlovic,M (2477)-Hughes,T (2289) Dallas 2012}) 10... c5 11. dxc5 Nd7 12. c6 bxc6 13. dxc6 Ne5 14. Qd5 Qe8 15. O-O-O {[#] aiming for c7.} Be6 16. Qd6 {Strongly threatening c7.} Bxb3 17. cxb3 Ra6 18. Nge2 Rxc6 19. Qd5 Qc8 20. h3 {Hoping for f4.} Rc5 21. Qd6 Rc6 22. Qd5 {And now f4 would win.} Rc5 $1 {[%cal Rc5d5]} 23. Qd6 {f4 is the strong threat.} Rc6 24. Qd2 Rb6 25. Qd5 (25. Nd4 $14) 25... Nc6 $11 26. Kb1 Re8 (26... f5 $1 $11) 27. Nd4 $36 {[%mdl 2048] Black is under pressure.} Nxd4 28. Rxd4 f5 29. Rd3 Bf6 30. Rc1 ({Avoid the trap} 30. Qxa5 $2 Rxb3 31. Rhd1 Qc4 $19) 30... Qb8 31. Nb5 {Threatens to win with Nd6!} Qf4 {[#]} (31... Re5 $16 {was necessary.} 32. Qc4 Re2) 32. Nd6 $1 $18 {[%mdl 64] Discovered Attack} Rf8 $2 (32... Re6 33. Rc8+ Kg7 34. Ne8+ Kh6) 33. Rc8 {Accuracy: White = 69%, Black = 46%.} 1-0

[Event "DEN-ch 2019"]
[Site "Svendborg"]
[Date "2019.04.14"]
[Round "2.4"]
[White "Olsen, Filip Boe"]
[Black "Teplyi, Igor"]
[Result "0-1"]
[WhiteElo "2414"]
[BlackElo "2418"]
[Annotator "NA"]
[PlyCount "123"]
[EventDate "2019.04.13"]
[EventType "tourn"]
[EventCountry "DEN"]
[SourceTitle "playchess.com"]
[Source "ChessBase"]
[SourceQuality "1"]
[TimeControl "40/5400+30:1800+30"]

1. d4 {[%emt 0:00:00]} Nf6 {[%emt 0:00:00]} 2. c4 {[%emt 0:00:00]} e6 {[%emt 0:00:00]} 3. Nc3 {[%emt 0:00:06]} Bb4 {[%emt 0:00:00]} 4. Qc2 {[%emt 0:00:12]} O-O {[%emt 0:00:22]} 5. Nf3 {[%emt 0:00:10]} c5 {[%emt 0:02:14]} 6. dxc5 {[%emt 0:00:10]} Na6 {[%emt 0:00:06]} 7. g3 {[%emt 0:00:18]} Nxc5 {[%emt 0:00:07]} 8. Bg2 {[%emt 0:00:15]} Nce4 {[%emt 0:00:09]} 9. O-O {[%emt 0:00:24]} Nxc3 {[%emt 0:00:37]} 10. bxc3 {[%emt 0:00:12]} Be7 {[%emt 0:00:07]} 11. e4 {[%emt 0:00:29]} d6 {[%emt 0:01:12]} 12. e5 {[%emt 0:00:34]} dxe5 {[%emt 0:01:10]} 13. Nxe5 {[%emt 0:00:25]} Qc7 {[%emt 0:03:15]} 14. Qe2 {[%emt 0:00:31]} Nd7 {[%emt 0:01:22]} 15. Bf4 {[%emt 0:07:19]} Nxe5 {[%emt 0:01:57]} 16. Bxe5 {[%emt 0:01:11]} Bd6 {[%emt 0:00:06]} 17. Rfe1 {[%emt 0:05:06] LiveBook: 47 Games} Rb8 {[%emt 0:00:44]} 18. Rad1 {[%emt 0:03:48]} Bxe5 $1 {[%emt 0:00:17]} 19. Qxe5 {[%emt 0:00:12]} Qxe5 {[%emt 0:00:08]} 20. Rxe5 {[%emt 0:00:06]} b6 {[%emt 0:00:30]} 21. c5 {[%emt 0:04:00]} Ba6 $11 {[%emt 0:08:12]} 22. Rd7 {[%emt 0:23:52]} Rfd8 {[%emt 0:17:21]} 23. Rxd8+ {[%emt 0:20:52]} Rxd8 {[%emt 0:00:10]} 24. Bc6 {[%emt 0:01:19]} Rd1+ {[%emt 0:08:37]} 25. Kg2 {[%emt 0:00:17]} Bf1+ {[%emt 0:00:15]} 26. Kf3 {[%emt 0:01:08]} Rd3+ {[%emt 0:00:42]} 27. Re3 {[%emt 0:02:05]} bxc5 {[%emt 0:01:52]} 28. Be4 {[%emt 0:03:22]} Rxe3+ {[%emt 0:06:47]} 29. Kxe3 {[%emt 0:00:13]} Bc4 {[%emt 0:01:22]} 30. a3 {[%emt 0:01:15]} h6 {[%emt 0:10:10]} 31. h4 {[%emt 0:05:32]} Kf8 {[%emt 0:00:16]} 32. Bd3 {[%emt 0:06:51]} Bd5 {[%emt 0:02:31]} 33. Kf4 {[%emt 0:04:48]} Ke7 {[%emt 0:00:52]} 34. g4 {[%emt 0:01:15]} f6 {[%emt 0:06:49]} 35. g5 {[%emt 0:02:36]} Bc6 {[%emt 0:09:38]} 36. Bg6 {[%emt 0:04:47]} e5+ {[%emt 0:07:34]} 37. Kf5 {[%emt 0:01:07]} Ba4 {[%emt 0:00:16]} 38. gxf6+ {[%emt 0:00:56]} gxf6 {[%emt 0:00:06]} 39. Kg4 {[%emt 0:00:13]} Bd1+ {[%emt 0:01:11]} 40. f3 {[%emt 0:00:47]} Ke6 {[%emt 0:06:34]} 41. Be4 {[%emt 0:10:22]} Be2 {[%emt 0:00:35]} 42. Bc2 {[%emt 0:01:29]} Kd5 {[%emt 0:01:38]} 43. Bb3+ {[%emt 0:01:52]} c4 {[%emt 0:00:07]} 44. Bc2 {[%emt 0:00:17]} Bd3 {[%emt 0:00:23]} 45. Ba4 {[%emt 0:01:44]} f5+ {[%emt 0:06:34]} 46. Kg3 {[%emt 0:01:19]} e4 {[%emt 0:10:08]} 47. Kf4 {[%emt 0:01:28]} exf3 {[%emt 0:00:13]} 48. Kxf3 {[%emt 0:00:15]} Ke5 {[%emt 0:00:06]} 49. Ke3 {[%emt 0:01:52]} Be4 {[%emt 0:00:35]} 50. Bb5 {[%emt 0:01:03]} Bd5 {[%emt 0:00:23]} 51. Ba4 {[%emt 0:00:39]} f4+ {[%emt 0:00:59]} 52. Kf2 {[%emt 0:01:53]} Kf5 {[%emt 0:00:08]} 53. h5 {[%emt 0:04:16]} Bf7 {[%emt 0:01:53]} 54. Bd1 {[%emt 0:00:55]} Kg5 {[%emt 0:01:04]} 55. Bf3 {[%emt 0:02:27]} Kh4 {[%emt 0:01:30]} 56. Be2 {[%emt 0:01:27]} Bd5 {[%emt 0:00:18]} 57. Bd1 {[%emt 0:00:48]} Kg5 {[%emt 0:01:06]} 58. Be2 {[%emt 0:00:16]} f3 {[%emt 0:01:15]} 59. Bf1 {[%emt 0:00:53]} Kxh5 {[%emt 0:00:46]} 60. Bh3 {[%emt 0:00:17]} Kg5 {[%emt 0:00:18]} 61. Ke3 {[%emt 0:00:07]} Kh4 {[%emt 0:00:13]} 62. Kd4 0-1